Normal view
MARC view
Entry Personal Name
001 - CONTROL NUMBER
- control field: 50713
003 - CONTROL NUMBER IDENTIFIER
- control field: OSt
005 - DATE AND TIME OF LATEST TRANSACTION
- control field: 20160406111008.0
008 - FIXED-LENGTH DATA ELEMENTS
- fixed length control field: 160406|| aca||aabn | a|a d
040 ## - CATALOGING SOURCE
- Original cataloging agency: OSt
- Transcribing agency: OSt
100 ## - HEADING--PERSONAL NAME
- Personal name: कुमारी रश्मि
670 ## - SOURCE DATA FOUND
- Source citation: Work cat.: (OSt)46336: कुमारी रश्मि, गृह विज्ञान कोश , 2009









